00810nam a22002297a 450000500170000001000110001702000100002803500110003803700160004904000120006508200170007710000320009424500920012626000400021830000210025850000260027965000350030565000360034094200250037699900190040195201600042020170124110116.0 a469288 c00.00 a469288 bCen Lib/Ret aDPLbEN a954.011bGAJ aGajendragadkar, P. B912027 aKashmir : retrospcet and prospect :cby P. B. GajendragadkarbPatel Memorial Lectures / aBombay bUniversity of Bombayc1967 a147p. c21cm(Hb) aIncludes bibliography aPolitics and government929980 aIndia--Jammu and Kashmir929981 2ddccENh954.11mGAJ c130738d130738 04104070aLbLd2015-07-10eCen Lib/Ret g0.00l0o954.011 GAJp469288r2015-07-10 00:00:00t1v0.00w2015-07-10yENzW/d List No. 8133/7; dtd 20.2.2017